00455nam a22001697a 450000500170000001000150001702000260003203500140005803700130007208200110008510000170009624500390011326000410015227000420019330000210023550000290025620190103143804.0 aENG-124628 a9789382634898c600.00 aEN-108160 bDBAD/PUB a370.71 aRai, Neelabh aTeacher education/cby Neelabh Rai c2018aAllahabadbMeenakshi Prakashan a5, Khusro Bagh RoadbAllahbade211001 c21cm(Hb)a160p.  aIt includes bibliography